000 00427nam a22001577a 4500
999 _c8019
_d8017
005 20220616143013.0
008 220616b ||||| |||| 00| 0 eng d
020 _a97815-43845-98-8
041 _aeng
100 _aUSMAN, DR. MD. RAGEEB AND OTHERS
_97005
245 _aA TEXTBOOK OF COMMUNITY PHARMACY PHARMACY AND MANAGEMENT
260 _bS.VIKAS AND COMPANY
300 _a176;p
650 _aPHARMACY
_97310
942 _cBK